[Event "GER-ch U14 Girls"]
[Site "Willingen"]
[Date "2017.06.07"]
[Round "6"]
[White "Kunisch, Nina"]
[Black "Hoffmann, Vanessa"]
[Result "1-0"]
[WhiteElo "1685"]
[BlackElo "1022"]
[PlyCount "53"]
[EventDate "2017.06.04"]
[EventType "swiss"]
[EventRounds "9"]
[EventCountry "GER"]
[SourceTitle "CBM 178 Extra"]
[Source "ChessBase"]
[SourceDate "2017.06.22"]
[SourceVersion "1"]
[SourceVersionDate "2017.06.22"]
[SourceQuality "1"]

1. e4 e5 2. Nf3 Nc6 3. Bb5 a6 4. Ba4 b5 5. Bb3 Nf6 6. d3 Be7 7. 0-0 0-0 8. c3 Bb7 9. Re1 Na5 10. Nxe5 d5 11. exd5 Nxb3 12. axb3 Qxd5 13. Qf3 Bd6 14. Qxd5 Bxd5 15. c4 Rfe8 16. f4 Ng4 17. cxd5 Bc5+ 18. Kf1 Nxh2+ 19. Ke2 f6 20. Kd1 fxe5 21. fxe5 Ng4 22. e6 a5 23. Nc3 b4 24. Nb5 Bb6 25. Bf4 Rac8 26. d6 Rcd8 27. d7 1-0

[Event "GER-ch U14 Girls"]
[Site "Willingen"]
[Date "2017.06.04"]
[Round "2"]
[White "Hoffmann, Vanessa"]
[Black "Khamenya, Vitalia"]
[Result "1/2-1/2"]
[WhiteElo "1022"]
[BlackElo "1792"]
[PlyCount "59"]
[EventDate "2017.06.04"]
[EventType "swiss"]
[EventRounds "9"]
[EventCountry "GER"]
[SourceTitle "CBM 178 Extra"]
[Source "ChessBase"]
[SourceDate "2017.06.22"]
[SourceVersion "1"]
[SourceVersionDate "2017.06.22"]
[SourceQuality "1"]

1. e4 d5 2. exd5 Qxd5 3. Nc3 Qd6 4. d4 Nf6 5. Nf3 a6 6. g3 b5 7. Bf4 Qb6 8. a3 Bb7 9. Bg2 e6 10. 0-0 Be7 11. Qd2 0-0 12. Rad1 Rd8 13. Qe3 Nc6 14. Ne5 Nxe5 15. Bxb7 Qxb7 16. Bxe5 Ng4 17. Qf4 Nxe5 18. Qxe5 Bf6 19. Qe3 Qa7 20. Ne2 Rd6 21. Rd2 Rad8 22. Rfd1 c6 23. b3 Qd7 24. c4 bxc4 25. bxc4 Qb7 26. Nc3 Qa7 27. c5 R6d7 28. Qe4 Rc8 29. Na4 Bd8 30. Rb2 1/2-1/2

[Event "GER-chT North U12"]
[Site "Magdeburg"]
[Date "2014.09.13"]
[Round "5.2"]
[White "Kibenko, Dimitrij"]
[Black "Hoffmann, Vanessa"]
[Result "1-0"]
[WhiteElo "1156"]
[BlackElo "926"]
[PlyCount "107"]
[EventDate "2014.09.11"]
[EventType "team-swiss"]
[EventRounds "7"]
[EventCountry "GER"]
[SourceTitle "EXT 2016"]
[Source "ChessBase"]
[SourceDate "2015.10.08"]
[SourceVersion "1"]
[SourceVersionDate "2015.10.08"]
[SourceQuality "1"]
[WhiteTeam "Bemerode"]
[BlackTeam "Roland Weissenfels"]
[WhiteTeamCountry "GER"]
[BlackTeamCountry "GER"]

1. e4 e5 2. Nf3 Nc6 3. Bc4 Nf6 4. d3 h6 5. c3 d6 6. h3 Be6 7. Bb3 Be7 8. 0-0 0-0 9. Re1 d5 10. exd5 Bxd5 11. Bxd5 Nxd5 12. Nxe5 Nxe5 13. Rxe5 Qd6 14. Re4 Nf6 15. Re3 c6 16. Rg3 Ne4 17. Re3 Nc5 18. d4 Ne6 19. Rg3 Bh4 20. Rg4 Bg5 21. Bxg5 Nxg5 22. Nd2 Rfe8 23. h4 f5 24. Rg3 Ne4 25. Nxe4 Rxe4 26. Qh5 Qf6 27. Qf3 Rxh4 28. Re1 f4 29. Rg4 Rxg4 30. Qxg4 Rf8 31. f3 g6 32. Qd7 Rf7 33. Re8+ Kg7 34. Qc8 Rf8 35. Rxf8 Qxf8 36. Qxf8+ Kxf8 37. Kf2 Kf7 38. Ke2 Kf6 39. Kd3 g5 40. b4 Kf5 41. c4 g4 42. fxg4+ Kxg4 43. d5 cxd5 44. cxd5 Kg3 45. d6 Kxg2 46. d7 f3 47. d8Q f2 48. Qg8+ Kf3 49. Qd5+ Kg3 50. Qe5+ Kg2 51. Qe4+ Kg1 52. Qg4+ Kf1 53. Ke3 Ke1 54. Qe2# 1-0